000 00834nam a2200265 i 4500
001 14390
003 ES-MaACL
005 20230906150809.0
007 t|
008 951128s1994 sp |||| | spa j
020 _a84-206-2777-1
080 _a165.62
100 1 _aHusserl, Edmund.
_964818
245 1 0 _aProblemas fundamentales de la fenomenología /
_cEdmund Husserl ; edición y traducción, César Moreno y Javier San Martín.
260 _aMadrid :
_bAlianza Editorial,
_cD.L. 1994.
300 _a283 p. ;
_c20 cm.
490 1 _aAlianza universidad ;
_v777
500 _aÍndices.
650 1 4 _aFenomenología.
_912756
700 1 _aMoreno Márquez, César.
_9143198
700 1 _aSan Martín, Javier.
_9102260
830 0 _aAlianza universidad ;
_v777
_9177276
852 _aES-MaACL
_jL-21605
999 _c14390
_d14390